Регионална библиотека "Любен Каравелов" - Русе

Welsh Airs [CD аудио] | The lass of Richmond Hill | Welsh Melodies for the Harp (Запис номер 217731)

MARC детайли
000 -Лидер
Контролно поле с фиксирана дължина 01418njm a2200397 c 4500
003 - Код на организацията, давaща контролен номер
Контролно поле BLK
005 - Дата и час на последна редакция
Контролно поле 20241011005342.0
008 - Елементи от данни с фиксирана дължина
fixed length control field 180410b bul||n||s|||||||| n|bulo|
010 ## - Наследен системен номер
LC control number CDD00000859000
040 ## - Източник на каталожния запис
Идентификатор на билиотеката - собственик на записа BLK
041 ## - Код за език
Код за езика на текст/звукозапис или на отделно заглавие Английски
Код за езика КДБФ Английски
080 ## - УДК
Текстов определител УДК Сопран
УДК код - определител по УДК 78.087.612.1
УДК определител
УДК - код + определител 78.087.612.1
080 ## - УДК
Текстов определител УДК Камерна вок. муз. Песни, балади, арии, романси
УДК код - определител по УДК 784.3
УДК определител
УДК - код + определител 784.3
100 1# - Редна дума - Автор
Автор Хайдн, Йозеф
Авторска отговорност първи автор
R(LIN) 176334
139 ## - Редно поле
Редна дума Хайдн, Йозеф
Авторски знак Хаид - Х 20
245 10 - Сведения за заглавието
Заглавие Welsh Airs [CD аудио]
Редно поле (дума) Йозеф Хайдн; * Franz Joseph Haydn; сопран Helena Dearing; арфа Edward Witsenburg.
245 10 - Сведения за заглавието
Заглавие The lass of Richmond Hill
Версия Johann Ladislaus Dussek
245 10 - Сведения за заглавието
Заглавие Welsh Melodies for the Harp
Версия John Thomas
257 ## - Страна на издаване
Страна на създаване/издаване Австрия
260 ## - Област на издателските данни
-- Wien
Име на издателя, разпространителя и проч. Preiser Rec.
Година на издаване 2001
300 ## - Физическа характеристика
Размери/Мащаб 12 cm.
Тип мерна единица бр. в к-т
Количество на мерната единица 1 CD
306 ## - Продължителност на изпълнението
Времетраене 62мин. 12сек.
380 ## - Жанр
Жанр Изкуство
650 #4 - Допълнително описание по предмет – тема
Основно описание – тема или топоним Соло пеене - сопран
9 (RLIN) 353352
653 ## - Ключова дума – ненормативна
Ключова дума сопрани
653 ## - Ключова дума – ненормативна
Ключова дума арфа
700 ## - Други автори (авторска отговорност)
Лично име Haydn, Franz Joseph
9 (RLIN) 387485
700 1# - Други автори (авторска отговорност)
Лично име Dearing, Helena
Автороска отговорност (Описва отношението между автора и произведението) сопран
9 (RLIN) 8173
700 1# - Други автори (авторска отговорност)
Лично име Witsenburg, Edward
Автороска отговорност (Описва отношението между автора и произведението) арфа
9 (RLIN) 28252
852 ## - Местоположение
Форматна сигнатура Цб CD 2297
Част 0
856 4# - Електронен адрес и достъп
Електронен формат pdf - файл
Път до файла /url/
856 4# - Електронен адрес и достъп
Електронен формат pdf - файл
Път до файла /url/
942 ## - АРТИКУЛИ
Вид на библиотечния материал Компактдискове
Скрит в OPAC Не
944 ## - СЪЗДАВАНЕ И РЕДАКЦИЯ на ЗАПИСА
Създаване/Редакция Създаване
Дата на регистрацията/редакция 23.11.2009
Служител, извършил регистрацията/редакцията
Статус, дата на статуса CRON CRON
944 ## - СЪЗДАВАНЕ И РЕДАКЦИЯ на ЗАПИСА
Създаване/Редакция Редакция
Дата на регистрацията/редакция 21.03.2011
Служител, извършил регистрацията/редакцията
999 ## - СИСТЕМНИ КОНТРОЛНИ НОМЕРА
Koha biblionumber 217731
Koha biblioitemnumber 217731
Наличности
Код за отписване Код за изгубен артикул Източник на класификационната схема Код за повреда Коз за рестрикции Код за отдаване Артикулен № Име на библиотеката - собственик Име на библиотеката, в която се намира в момента Статус (Текущо местоположение) Дата на вписване в системата Местоположение - отдел Цена в лева Инвентарен номер Систематично азбучна сигнатура Баркод Номер на екземпляра Цена в евро Служебна бележка Служебен тип на артикула
  Не е изгубен Universal Decimal Classification Не е повреден без рестрикции заемане за дома 389106 Регионална библиотека "Любен Каравелов" Русе Регионална библиотека "Любен Каравелов" Русе Отдел Изкуство - подръчен фонд 2000-01-01 Отдел Изкуство - подръчен фонд 5.00 120000907300 784/H 41 120000907300 1 2.56 Дост: DA Вид: А N: стар фонд Дата: 01.01.2000 Съставил: Теодора_Стоянова Компактдискове
Vip Innovations Ltd, Rousse, Bulgaria 2025